000 00552nam a2200205Ia 4500
005 20250508163933.0
008 008 250505s9999 xx 000 0 hin d
020 _a0333 90010 3
037 _aTextual
040 _aFEDL
_beng
_cFEDL
041 _ahin
_2eng
084 _a891.441, TAG
_qFEDL
100 _aTagore Rabindranath
245 0 _aLover's gift and crossing
260 _aDelhi, India
_bMacmillan Company Ltd.
_c2001
300 _a100p
365 _aINR
_b75
942 _cTEXL
_h891.441, TAG
999 _c1386180
_d1386180